La Inserción china y su expresión organizativa en Costa Rica /

Zapisane w:
Opis bibliograficzny
1. autor: Li Kam, Sui Moy
Format: Texto
Hasła przedmiotowe:
Etykiety: Dodaj etykietę
Nie ma etykietki, Dołącz pierwszą etykiete!

MARC

LEADER 00000 a a2200000 04500
001 14017
003
040
100 |a Li Kam, Sui Moy  
245 |a La Inserción china y su expresión organizativa en Costa Rica /  |c Sui Moy Li Kam 
650 |a CHINOS  
650 |a INMIGRANTES  
650 |a ASOCIACIONES  
773 |g volumen 2, número 3 -4; páginas 221-234  
999 |c 28135  |d 28135